000
00251nam a22000857a 4500
008
160702b xxu||||| |||| 00| 0 eng d
100
_9
1758
_a
Kapur, J.N
245
_a
Suggested Experiments in School Mathematics
260
_a
New Delhi
_b
Arya Publication
_c
2005
999
_c
1462
_d
1462